Huincas en tierra de indios. Mediaciones e identidades en los relatos de viajeros tardocoloniales.
Guardat en:
| Autor principal: | |
|---|---|
| Format: | Desconegut |
| Idioma: | anglès |
| Publicat: |
Ciudad Autónoma de Buenos Aires, Argentina:
Eudeba;
2016.
|
| Edició: | 1a. edición. |
| Col·lecció: | Temas - Historia.
|
| Matèries: | |
| Etiquetes: |
Afegir etiqueta
Sense etiquetes, Sigues el primer a etiquetar aquest registre!
|
MARC
| LEADER | 00000 a2200000 4500 | ||
|---|---|---|---|
| 003 | CL-VaPUC | ||
| 005 | 20230907101925.0 | ||
| 008 | 230825t2016 ||||| |||| 00| 0 eng d | ||
| 999 | |c 441714 |d 441712 | ||
| 020 | |a 978-950-23-2581-1 | ||
| 040 | |c Pontificia Universidad Católica de Valparaíso | ||
| 082 | |2 22 |a 305.00982 ROU 2016 | ||
| 100 | |a Roulet, Florencia |9 884375 |e autora | ||
| 245 | |a Huincas en tierra de indios. |b Mediaciones e identidades en los relatos de viajeros tardocoloniales. | ||
| 250 | |a 1a. edición. | ||
| 260 | |a Ciudad Autónoma de Buenos Aires, Argentina: |b Eudeba; |c 2016. | ||
| 300 | |a 438 páginas. | ||
| 490 | |a Temas - Historia. | ||
| 583 | |k GC |c 20230825 | ||
| 650 | 0 | |9 884399 |a Huincas |x Viajeros blancos y mestizos |y Siglos 17, 18 y 19 |z Chile y Argentina | |
| 650 | 0 | |9 357564 |a Pueblos indígenas |x Etnohistoria |x Identidad y costumbres |x Período colonial |z Pampa, Argentina | |
| 942 | |2 ddc |c BK | ||
| 952 | |0 0 |1 0 |2 ddc |4 0 |6 305_009820000000000_ROU_2016 |7 0 |8 A |9 591359 |a BIBHIS |b BIBHIS |c GEN |d 2023-08-24 |e 185 |g 14611.50 |i 5658490 |l 3 |m 2 |o 305.00982 ROU 2016 |p 5658490 |r 2025-01-20 |s 2024-05-23 |t 1 |v 14611.50 |w 2023-08-24 |y BK |k HIS | ||